Famous Afghan People - Statistics

General Stats
  • This quiz has been taken 69 times
  • The average score is 3 of 15
Answer Stats
Clue Person % Correct
Author of "The Kite Runner" Khaled Hosseini
60%
He became the President of Afghanistan after the Taliban was overthrown in 2001 Hamid Karzai
55%
This poet is born in 1207 in the city of Balkh and now, according to some,is the best-selling poet of all time in the United States Rumi
47%
Founder of the Afghan Empire Ahmad Shah Durrani
32%
He was the President right before the overtake of the Taliban in 2021 Ashraf Ghani
32%
Last shah of Afghanistan Mohammed Zahir Shah
27%
He voiced Olaf from "Frozen" Josh Gad
23%
First wife of Alexander the Great Roxana
18%
Prime minister who overthrew the above and made Afghanistan into a republic Mohammed Daoud Khan
17%
Her photograph by Steve McCurry was on a 1985 cover of National Geography Sharbat Gula
10%
Current supreme leader of the Islamic Emirate of Afghanistan Hibatullah Akhundzada
7%
First Muslim beauty contestant to be crowned Miss England Hammasa Kohistani
5%
Taekwondo practitioner who won the first Olympic medal for Afghanistan Rohullah Nikpai
2%
U.S. ambassador to the United Nations between 2007–2009 Zalmay Khalilzad
2%
First Afghan in space Abdul Ahad Momand
0%
No matching quizzes found
Score Distribution
Percent of People with Each Score
Percentile by Number Answered
Your Score History
You have not taken this quiz